LEADER 00962cam0-2200313-i-450- 001 990004708880403321 005 20070720100500.0 035 $a000470888 035 $aFED01000470888 035 $a(Aleph)000470888FED01 035 $a000470888 100 $a19990604d1907----km-y0itay50------ba 101 0 $alat 102 $aDE 105 $ay---m---000yy 200 1 $aDe compositione et fonte libri Ciceronis, qui est De fato$fAdolphus Loercher 210 $aHalis Saxonum$cNiemeyer$d1907 215 $ap. 337$d23 cm 225 1 $aDissertationes philologicae Halenses$v17 610 0 $aCicerone, Marco Tullio$aDe fato$aStudi 676 $a870.01 700 1$aLoercher,$bAdolf$0187694 801 0$aIT$bUNINA$gRICA$2UNIMARC 901 $aBK 912 $a990004708880403321 952 $aP2B-650-CIC.M.T.-8L.A.-1907$bIst.Fil.Cl.318$fFLFBC 959 $aFLFBC 996 $aDe compositione et fonte libri Ciceronis, qui est De fato$9555730 997 $aUNINA LEADER 01019nam a2200289 i 4500 001 991003460489707536 005 20021217151313.0 008 961025s1994 us a b 001 0 eng d 020 $a0691000662 035 $ab11813246-39ule_inst 035 $aLE00301036$9ExL 040 $aDip.to Biologia$beng 082 0 $a576.5$222 245 00$aEcological genetics /$cedited by Leslie A. Real 260 3 $aPrinceton, N.J. :$bPrinceton University Press,$cc1994 300 $axv, 238 p. :$bill., map ;$c25 cm 500 $aIncludes bibliographical references and index 650 0$aEcological genetics 650 0$aEvolution (Biology) 650 0$aPopulation genetics 700 1 $aReal, Leslie 907 $a.b11813246$b18-07-11$c18-12-02 912 $a991003460489707536 945 $aLE003 576.5 REA01.01 (1994)$g1$i2003000020472$lle003$o-$pE0.00$q-$rl$s- $t0$u0$v0$w0$x0$y.i12062224$z18-12-02 996 $aEcological genetics$9899093 997 $aUNISALENTO 998 $ale003$b01-01-96$cm$da $e-$feng$gus $h0$i1